| 000 | 00739nam a2200265 a 4500 | ||
|---|---|---|---|
| 020 | _a0312397844 (pbk.) | ||
| 020 | _a9780312397845 (pbk.) | ||
| 020 | _a0312397852 | ||
| 020 | _a9780312397852 | ||
| 040 | _cCSG | ||
| 082 | _a808 BED 2003 A092 Or. | ||
| 245 | 0 | 0 |
_aSigns of life in the U.S.A. : _breadings on popular culture for writers / |
| 250 | _a4th ed. | ||
| 260 |
_aBoston : _bBedford/St. Martin's, _cc2003. |
||
| 300 |
_axxiv, 819 p. : _bill. (some col.) ; _c23 cm. |
||
| 500 | _aIncludes index. | ||
| 650 | 0 | _aReaders | |
| 650 | 0 | _aEnglish language | |
| 650 | 0 | _aReport writing | |
| 650 | 0 | _aPopular culture | |
| 650 | 0 | _aCollege readers. | |
| 700 | 1 | _aMaasik, Sonia. | |
| 700 | 1 | _aSolomon, J. Fisher | |
| 942 | _cEK | ||
| 999 |
_c12461 _d12461 |
||